SZRB bude podporovať rozvoj bytovej výstavby
Slovenská záručná a rozvojová banka (SZRB), š.p.ú. Bratislava - nový mechanizmus plnenia nárokov z bankových záruk od r. 2000. SZRB tiež plánuje znížiť svoj podiel na krytí rizika ňou podporených projektov. Záručné programy pre malých a stredných podnikateľov. Úverové programy Podpora a Rozvoj. Podp...
Gespeichert in:
| 1. Verfasser: | |
|---|---|
| Format: | Buchkapitel |
| Sprache: | Slowakisch |
| Schlagworte: | |
| Tags: |
Keine Tags, Fügen Sie das erste Tag hinzu!
|
MARC
| LEADER | 00000naa a2200000 4500 | ||
|---|---|---|---|
| 001 | r036656 | ||
| 005 | 20230921104206.3 | ||
| 041 | 0 | |a slo | |
| 044 | |a SK | ||
| 245 | 1 | 0 | |a SZRB bude podporovať rozvoj bytovej výstavby |c Lena Oujezdská |
| 520 | |a Slovenská záručná a rozvojová banka (SZRB), š.p.ú. Bratislava - nový mechanizmus plnenia nárokov z bankových záruk od r. 2000. SZRB tiež plánuje znížiť svoj podiel na krytí rizika ňou podporených projektov. Záručné programy pre malých a stredných podnikateľov. Úverové programy Podpora a Rozvoj. Podpora bytovej výstavby. | ||
| 610 | 2 | 0 | |a podpora podnikania |
| 610 | 2 | 0 | |a záruka |
| 610 | 2 | 0 | |a riziko |
| 610 | 2 | 0 | |a úver |
| 610 | 2 | 0 | |a výstavba bytová |
| 610 | 2 | 0 | |a Slovenská záručná a rozvojová banka, š.p.ú. Bratislava |
| 100 | 1 | |a Oujezdská, Lena | |